Cartas a una novicia / (Record no. 99156)

MARC details
000 -LEADER
campo de control de longitud fija 00516nam a2200169 i 4500
001 - NÚMERO DE CONTROL
campo de control 99156
003 - IDENTIFICADOR DE NÚMERO DE CONTROL
campo de control ES-MaACL
005 - FECHA Y HORA DE LA ÚLTIMA TRANSACCIÓN
campo de control 20251018063057.0
007 - CAMPO FIJO DE DESCRIPCIÓN FÍSICA--INFORMACIÓN GENERAL
campo de control de longitud fija t|
008 - DATOS DE LONGITUD FIJA--INFORMACIÓN GENERAL
campo de control de longitud fija 050902s1954 sp ||||1| spa d
100 1# - ENTRADA PRINCIPAL--NOMBRE DE PERSONA
Nombre de persona Martín Abril, Francisco Javier,
Fechas asociadas al nombre 1908-
9 (RLIN) 77381
245 10 - MENCIÓN DEL TÍTULO
Título Cartas a una novicia /
Mención de responsabilidad, etc. Francisco Javier Martín Abril (Juan) [seud.].
260 ## - PUBLICACIÓN, DISTRIBUCIÓN, ETC.
Lugar de publicación, distribución, etc. Madrid :
Nombre del editor, distribuidor, etc. La Editora Católica,
Fecha de publicación, distribución, etc. 1954.
300 ## - DESCRIPCIÓN FÍSICA
Extensión 111 p. ;
Dimensiones 21 cm.
852 ## - LOCALIZACIÓN
Ubicación ES-MaACL
Número de control de estantería C-9586
Sublocalización o colección R.37779
Holdings
Estatus retirado Estado de pérdida Estado de daño No para préstamo Biblioteca de origen Biblioteca actual Ubicación en estantería Fecha de adquisición Fuente de adquisición Total de préstamos Signatura topográfica completa Código de barras Visto por última vez Precio de reemplazo Tipo de ítem Koha
        Biblioteca del Ateneo de Madrid Biblioteca del Ateneo de Madrid Sala Palomar 17/01/2008     C-9586 1103523 23/02/2023 23/02/2023 Libro impreso